|
|
|
|
| LEADER |
00000nab a2200000 a 4500 |
| 001 |
vtls000908887 |
| 003 |
SK-MaSNL |
| 005 |
20260302172637.0 |
| 008 |
040720e19990000xo 0 slo |
| 035 |
|
|
|a KE17818
|
| 040 |
|
|
|a KEVKJB
|b slo
|c KEVKJB
|e AACR2
|
| 041 |
0 |
|
|a slo
|
| 044 |
|
|
|a xo
|c SK
|
| 080 |
|
|
|a 324
|2 1981
|
| 245 |
0 |
0 |
|a Volebné okrsky
|
| 650 |
0 |
7 |
|a prezidentské voľby
|2 KEVKJB
|9 4489
|
| 650 |
0 |
7 |
|a okrsky hlasovacie
|2 KEVKJB
|9 878971
|
| 650 |
0 |
7 |
|a informácie
|2 KEVKJB
|9 1285
|
| 651 |
|
7 |
|a Nad jazerom (Košice IV, Slovensko)
|2 KEVKJB
|9 160202
|
| 651 |
|
7 |
|a Košice (Slovensko)
|2 KEVKJB
|9 18694
|
| 651 |
|
7 |
|a KE,
|2 KEVKJB
|9 877256
|
| 655 |
|
7 |
|a periodikum
|2 snkbucl
|9 29553
|
| 700 |
0 |
|
|a Volebné
|4 iní
|9 878972
|
| 773 |
0 |
8 |
|t Jazerčan, č.7 (1999), s. 2
|
| 852 |
|
|
|a ZVYKNI
|b KIS3GCP
|
| 999 |
|
|
|c 1399331
|d 1401261
|